Science Quiz

Random Science or Animal Quiz

Animal Misconceptions Quiz Stats

 Plays Quiz Updated Oct 28, 2018

Also try: Baby Beasts
Challenge
Share
Tweet
Embed
Score 0/20 Timer 05:00
4 Plays Today
% Correct
Centipede
97.6%
Camels
97.2%
Chameleons
97.1%
Buffalo
96.1%
Reindeer
92.6%
Earthworm
92.1%
Bulls
90.7%
Moth
89.5%
Ostrich
89.4%
Hippopotamus
89.3%
% Correct
Cockroach
87.5%
Turkeys
85.8%
Flamingos
80.8%
Whale
80.4%
Lemmings
76.3%
Horse
73.6%
Snakes
61.2%
Cats
55.7%
Fruit Fly
36.1%
Dogs
34.6%

You're not logged in!

Compare scores with friends on all Sporcle quizzes.
OR
Log In

You Might Also Like...

Show Comments

Extras

Top Quizzes Today


Score Distribution

Your Account Isn't Verified!

In order to create a playlist on Sporcle, you need to verify the email address you used during registration. Go to your Sporcle Settings to finish the process.

Report this User

Report this user for behavior that violates our Community Guidelines.

Details: